Virginia Tech Football Players - Statistics

General Stats
  • This quiz has been taken 55 times
    46 since last reset
  • The average score is 11 of 71
Answer Stats
position player % Correct
Quarterback Michael Vick
76%
Quarterback Hendon Hooker
47%
Quarterback Tyrod Taylor
47%
Cornerback Kendall Fuller
41%
Cornerback Kyle Fuller
41%
Quarterback Logan Thomas
41%
Defensive End Bruce Smith
38%
Quarterback Quincy Patterson
38%
Wide Receiver Corey Fuller
35%
Quarterback Ryan Willis
35%
Quarterback Jerod Evans
32%
Quarterback Josh Jackson
32%
Quarterback Michael Brewer
32%
Wide Receiver Phil Patterson
32%
Linebacker Vince Fuller
32%
Wide Receiver Isaiah Ford
29%
Runningback Darren Evans
26%
Runningback David Wilson
26%
Wide Receiver Cam Phillips
24%
Wide Receiver Tre Turner
24%
Safety Kam Chancellor
21%
Runningback Ryan Williams
21%
Wide Receiver Andre Davis
18%
Linebacker Dax Hollifield
18%
Cornerback Deangelo Hall
18%
Wide Receiver Eddie royal
18%
Runningback Kevin Jones
18%
Linebacker Rashard Ashby
18%
Linebacker Tremaine Edmunds
18%
Wide Receiver Bucky Hodges
15%
Safety Caleb Farley
15%
Tight End Dalton Keene
15%
Cornerback Jimmy Williams
15%
Runningback Marshawn Williams
15%
Safety Terrelle Edmunds
15%
Cornerback Divine Deablo
12%
Cornerback Macho Harris
12%
Fullback Sam Rodgers
12%
Runningback Steven Peoples
12%
Linebacker Vince Hall
12%
Wide Receiver Danny Coale
9%
Runningback Lee Suggs
9%
Defensive Tackle Tim Settle
9%
Linebacker Chuck Clark
6%
Defensive End Cornell Brown
6%
Wide Receiver Damon Hazelton
6%
Runningback Deshawn McClease
6%
Wide Receiver Hezekiah Grimsley
6%
Wide Receiver Jarrett Boykin
6%
Cornerback Reggie Floyd
6%
Defensive End Ricky Walker
6%
Kicker Shane Graham
6%
Safety Tyree Rodgers
6%
Cornerback Brandon Flowers
3%
Quarterback Bryan Randall
3%
Defensive End Chris Ellis
3%
Linebacker Deion Clark
3%
Runningback Jalen Holston
3%
Linebacker Xavier Adibi
3%
Cornerback Bryce Watts
0%
Cornerback Donevan Riley
0%
Linebacker Dylan Rivers
0%
Wide Receiver Eric Khuma
0%
Defensive End Houshun Gaines
0%
Defensive End Jason Worrilds
0%
Wide Receiver Josh Stanford
0%
Cornerback Khalil Ladler
0%
Safety Kishan Gerrat
0%
Wide Receiver Sean Savoy
0%
Runningback Shyrone Stith
0%
Runningback Terius Wheatley
0%
No matching quizzes found
Score Distribution
Percent of People with Each Score
Percentile by Number Answered
Your Score History
You have not taken this quiz since the last reset